Normal view
MARC view
- USMAN,REHMAN,MEESUM
Entry Personal Name
001 - CONTROL NUMBER
- control field: 72155
003 - CONTROL NUMBER IDENTIFIER
- control field: NUST
005 - DATE AND TIME OF LATEST TRANSACTION
- control field: 20210628204742.0
008 - FIXED-LENGTH DATA ELEMENTS
- fixed length control field: 210628|| aca||aabn | a|a d
040 ## - CATALOGING SOURCE
- Original cataloging agency: NUST
- Transcribing agency: NUST
100 ## - HEADING--PERSONAL NAME
- Personal name: USMAN,REHMAN,MEESUM
670 ## - SOURCE DATA FOUND
- Source citation: Work cat.: (NUST): USMAN,REHMAN,MEESUM, PR-SOF-1121-PARAMETRIC STUDY OF HYDRODYNAMIC LUBRICAITON OF A JOURNAL BEARING & VALIDATION OF EXPERIMENTAL RESULTS, 2011
